[Event "Sao Bento do Sul op 07"]
[Site "Sao Bento do Sul"]
[Date "2019.07.14"]
[Round "7"]
[White "Maia, Jonathan Cesar"]
[Black "Marschal, Maiilon"]
[Result "1-0"]
[WhiteElo "1826"]
[BlackElo "1467"]
[PlyCount "85"]
[EventDate "2019.07.12"]
[EventType "swiss"]
[EventRounds "7"]
[EventCountry "BRA"]
[SourceTitle "CBM 195 Extra"]
[Source "ChessBase"]
[SourceDate "2020.05.31"]
[SourceVersion "1"]
[SourceVersionDate "2020.05.31"]
[SourceQuality "1"]

1. d4 c5 2. dxc5 Nc6 3. Nc3 e5 4. g3 Bxc5 5. Ne4 d5 6. Nxc5 Qa5+ 7. c3 Qxc5 8. Bg2 Nge7 9. Nf3 Be6 10. 0-0 Rd8 11. Be3 d4 12. cxd4 exd4 13. Bd2 0-0 14. Rc1 Qb6 15. b3 Nf5 16. Qc2 f6 17. Ne1 Nfe7 18. Nd3 Rc8 19. Qc5 Qd8 20. Qb5 Qb6 21. Qxb6 axb6 22. Nf4 Bf7 23. Nd3 Rfe8 24. Nb4 Nxb4 25. Bxb4 Nc6 26. a3 Bxb3 27. Bf3 Ne5 28. Bxb7 Rxc1 29. Rxc1 Rd8 30. Rc8 Rxc8 31. Bxc8 Bc4 32. Kf1 Kf7 33. Ke1 d3 34. f4 Nc6 35. e4 Nxb4 36. axb4 Ke7 37. Kd2 Kd6 38. Bh3 g5 39. Bf1 Be6 40. Kxd3 h6 41. Kd4 h5 42. h4 g4 43. Bc4 1-0

[Event "Sao Bento do Sul op 05"]
[Site "Sao Bento do Sul"]
[Date "2019.05.19"]
[Round "7"]
[White "Marschal, Maiilon"]
[Black "Doge, Gustavo Postein"]
[Result "0-1"]
[WhiteElo "1435"]
[BlackElo "1717"]
[PlyCount "98"]
[EventDate "2019.05.17"]
[EventType "swiss"]
[EventRounds "7"]
[EventCountry "BRA"]
[SourceTitle "CBM 195 Extra"]
[Source "ChessBase"]
[SourceDate "2020.05.31"]
[SourceVersion "1"]
[SourceVersionDate "2020.05.31"]
[SourceQuality "1"]

1. e4 c5 2. Nf3 e6 3. d4 cxd4 4. Nxd4 a6 5. Be2 Nf6 6. Nc3 Bb4 7. Qd3 d5 8. e5 Ne4 9. 0-0 Nxc3 10. bxc3 Be7 11. Qg3 Rg8 12. Be3 Nc6 13. Rfd1 Qc7 14. Nxc6 bxc6 15. c4 Rb8 16. cxd5 cxd5 17. c4 dxc4 18. Rac1 c3 19. Bd3 h5 20. Bc2 Bd7 21. Qf4 Rb4 22. Rd4 g5 23. Qe4 Rxd4 24. Qxd4 Ba3 25. Rd1 g4 26. Ba4 Bb5 27. Bc1 Bc5 28. Qf4 Bxa4 29. Qxa4+ Ke7 30. Qe4 Qb6 31. Qh7 Bxf2+ 32. Kh1 Rg6 33. Rd7+ Kxd7 34. Qxf7+ Kc6 35. Qxg6 Kd5 36. Qxh5 Be3 37. Qg6 Bxc1 38. h4 Qe3 39. Qxg4 Qe1+ 40. Kh2 Qxe5+ 41. g3 c2 42. Qf3+ Qe4 43. Qb3+ Ke5 44. Qb8+ Kd4 45. Qb6+ Kd3 46. Qxa6+ Ke3 47. Qb6+ Ke2 48. Qa6+ Kf2 49. Qa7+ Be3 0-1

[Event "Sao Bento do Sul op 05"]
[Site "Sao Bento do Sul"]
[Date "2019.05.18"]
[Round "4"]
[White "Marques Junior, Marcos Antonio"]
[Black "Marschal, Maiilon"]
[Result "0-1"]
[WhiteElo "1795"]
[BlackElo "1435"]
[PlyCount "82"]
[EventDate "2019.05.17"]
[EventType "swiss"]
[EventRounds "7"]
[EventCountry "BRA"]
[SourceTitle "CBM 195 Extra"]
[Source "ChessBase"]
[SourceDate "2020.05.31"]
[SourceVersion "1"]
[SourceVersionDate "2020.05.31"]
[SourceQuality "1"]

1. e4 c5 2. Nf3 e6 3. d4 cxd4 4. Nxd4 Nc6 5. Be2 Bc5 6. Nb3 Bb6 7. 0-0 h6 8. Bf4 Qf6 9. Qc1 Nge7 10. Nc3 Ng6 11. Be3 Bc7 12. f4 a6 13. g3 d6 14. f5 exf5 15. exf5 Nge7 16. Bd3 d5 17. Ne2 Ne5 18. Nbd4 Bd7 19. Nf4 Ng4 20. c3 0-0-0 21. b4 Rhe8 22. b5 Nxe3 23. Qxe3 Nxf5 24. Qc1 Nxd4 25. cxd4 Qxd4+ 26. Kh1 axb5 27. Rb1 g5 28. Qa3 gxf4 29. Qa8+ Bb8 30. Rbc1+ Bc6 31. Rxc6+ bxc6 32. Qxc6+ Bc7 33. Rc1 Qa7 34. Bxb5 Re6 35. Ba6+ Kb8 36. Rb1+ Bb6 37. Qb5 d4 38. a4 Qa8+ 39. Kg1 Qc6 40. Qf5 d3+ 41. Kf1 Qf3# 0-1

[Event "Sao Bento do Sul op 05"]
[Site "Sao Bento do Sul"]
[Date "2019.05.18"]
[Round "3"]
[White "Marschal, Maiilon"]
[Black "Belarmino, Joaquim Mengarda"]
[Result "1-0"]
[WhiteElo "1435"]
[BlackElo "1341"]
[PlyCount "29"]
[EventDate "2019.05.17"]
[EventType "swiss"]
[EventRounds "7"]
[EventCountry "BRA"]
[SourceTitle "CBM 195 Extra"]
[Source "ChessBase"]
[SourceDate "2020.05.31"]
[SourceVersion "1"]
[SourceVersionDate "2020.05.31"]
[SourceQuality "1"]

1. e4 e5 2. Nf3 d6 3. d4 exd4 4. Nxd4 Qe7 5. Nc3 a6 6. Be3 g6 7. Bd3 Bg7 8. Qd2 c5 9. Nd5 Qd7 10. Nb3 Bxb2 11. Rd1 Nc6 12. c3 Ba3 13. Bg5 Nge7 14. Nf6+ Kf8 15. Bh6# 1-0

[Event "Sao Bento do Sul op 10"]
[Site "Sao Bento do Sul"]
[Date "2018.10.21"]
[Round "7"]
[White "Marschal, Maiilon"]
[Black "Evangelista, Andressa"]
[Result "1/2-1/2"]
[WhiteElo "1448"]
[BlackElo "1180"]
[PlyCount "136"]
[EventDate "2018.10.19"]
[EventType "swiss"]
[EventRounds "7"]
[EventCountry "BRA"]
[SourceTitle "EXT 2021"]
[Source "ChessBase"]
[SourceDate "2020.10.23"]
[SourceVersion "1"]
[SourceVersionDate "2020.10.23"]
[SourceQuality "1"]

1. e4 d5 2. e5 c5 3. Nf3 Nc6 4. c3 e6 5. d4 cxd4 6. cxd4 Bb4+ 7. Nc3 Qb6 8. Be2 Nge7 9. a3 Bxc3+ 10. bxc3 Na5 11. Bd2 Qb3 12. Qc1 Nc4 13. Rb1 Qxa3 14. Bxc4 Qxc1+ 15. Bxc1 dxc4 16. Rb4 a5 17. Rxc4 Bd7 18. Ba3 b5 19. Rc5 b4 20. Bb2 Rb8 21. 0-0 bxc3 22. Bxc3 a4 23. Nd2 0-0 24. Ne4 Rfc8 25. Rc1 Nd5 26. Ba1 Nb4 27. Rxc8+ Rxc8 28. Rxc8+ Bxc8 29. Nd2 Bb7 30. Nc4 Bd5 31. Na3 Kf8 32. f3 Ke7 33. Kf2 Kd7 34. Ke2 Kc6 35. Bc3 Na2 36. Kd2 Bb3 37. h4 Kd5 38. h5 h6 39. Nb5 Kc4 40. Nd6+ Kd5 41. Nxf7 a3 42. Ba1 Kc4 43. Nd6+ Kb4 44. g4 Bd5 45. f4 Bf3 46. f5 Bxg4 47. f6 gxf6 48. exf6 Bxh5 49. f7 Bxf7 50. Nxf7 h5 51. Ng5 h4 52. Nxe6 h3 53. Nf4 h2 54. Nd3+ Kc4 55. Nf2 Nb4 56. Nh1 Nd3 57. Ng3 Nb2 58. Ke3 Kb3 59. d5 Ka2 60. Kd4 Kxa1 61. d6 Kb1 62. d7 a2 63. d8Q a1Q 64. Qb8 Qa4+ 65. Ke3 Qa3+ 66. Kf2 Ka1 67. Qe5 Qa7+ 68. Kg2 Qg1+ 1/2-1/2

[Event "Sao Bento do Sul op 10"]
[Site "Sao Bento do Sul"]
[Date "2018.10.20"]
[Round "3"]
[White "Marschal, Maiilon"]
[Black "Caetano, Ryan Wesley da Cost"]
[Result "0-1"]
[WhiteElo "1448"]
[BlackElo "1948"]
[PlyCount "84"]
[EventDate "2018.10.19"]
[EventType "swiss"]
[EventRounds "7"]
[EventCountry "BRA"]
[SourceTitle "EXT 2021"]
[Source "ChessBase"]
[SourceDate "2020.10.23"]
[SourceVersion "1"]
[SourceVersionDate "2020.10.23"]
[SourceQuality "1"]

1. d4 Nf6 2. Nf3 g6 3. Nc3 d5 4. g3 Bg7 5. Bg2 0-0 6. 0-0 Ne4 7. Nxe4 dxe4 8. Nd2 f5 9. Nb3 a5 10. c3 a4 11. Nc5 e5 12. d5 Qd6 13. Nxa4 b5 14. b3 bxa4 15. bxa4 Rd8 16. c4 c6 17. Qb3 cxd5 18. Bb2 dxc4 19. Qxc4+ Be6 20. Qb5 Qa6 21. Qc5 Nd7 22. Qe7 Bf6 23. Qa3 Qxa4 24. Qe3 Qa7 25. Qh6 Nf8 26. h4 Bg7 27. Qc1 Rac8 28. Qe1 Rc2 29. Bc3 Bc4 30. e3 Bxf1 31. Bxf1 Rc8 32. Bb4 Qc7 33. a3 Rc1 34. Rxc1 Qxc1 35. Qe2 f4 36. exf4 e3 37. fxe3 exf4 38. gxf4 Ne6 39. a4 Nc5 40. a5 Ne4 41. Be1 Nc3 42. Qd3 Qxe1 0-1

[Event "Sao Bento do Sul op 08"]
[Site "Sao Bento do Sul"]
[Date "2018.08.25"]
[Round "2"]
[White "Marschal, Maiilon"]
[Black "Bail, Ellen Larissa"]
[Result "0-1"]
[WhiteElo "1470"]
[BlackElo "1834"]
[PlyCount "76"]
[EventDate "2018.08.24"]
[EventType "swiss"]
[EventRounds "6"]
[EventCountry "BRA"]
[SourceTitle "EXT 2021"]
[Source "ChessBase"]
[SourceDate "2020.10.23"]
[SourceVersion "1"]
[SourceVersionDate "2020.10.23"]
[SourceQuality "1"]

1. e4 c5 2. Nf3 Nc6 3. c3 d5 4. e5 a6 5. d4 cxd4 6. cxd4 Bg4 7. Be2 Qb6 8. Nc3 e6 9. a3 Bxf3 10. Bxf3 Qxd4 11. Qb3 Qxe5+ 12. Ne2 Qc7 13. Bf4 Qa5+ 14. Bd2 Qc7 15. Rc1 Bd6 16. g3 Nge7 17. 0-0 0-0 18. Bg2 Rfc8 19. f4 Qd7 20. Kh1 Rc7 21. Bh3 Rac8 22. Qf3 b5 23. g4 Nd8 24. f5 Rxc1 25. Rxc1 Rxc1+ 26. Bxc1 Nec6 27. g5 Ne5 28. fxe6 fxe6 29. Qxd5 exd5 30. Bxd7 Nxd7 31. Nc3 d4 32. Ne4 Be7 33. b4 Kf7 34. Kg2 Ke6 35. h4 Kd5 36. Ng3 g6 37. Nf1 Ne5 38. Nd2 Nd3 0-1

[Event "Sao Bento do Sul U2050 Etapa 3a"]
[Site "Sao Bento do Sul"]
[Date "2017.11.19"]
[Round "5.9"]
[White "Marschal, Maiilon"]
[Black "Schutzler, Yan Sidnei"]
[Result "0-1"]
[WhiteElo "1493"]
[BlackElo "1303"]
[PlyCount "90"]
[EventDate "2017.11.17"]
[EventType "swiss"]
[EventRounds "6"]
[EventCountry "BRA"]
[SourceTitle "EXT 2022"]
[Source "ChessBase"]
[SourceDate "2021.10.06"]
[SourceVersion "1"]
[SourceVersionDate "2021.10.06"]
[SourceQuality "1"]

1. e4 c5 2. Nf3 e6 3. d4 cxd4 4. Nxd4 Nc6 5. Nc3 Qc7 6. f4 Bc5 7. Nxc6 bxc6 8. Bd3 d5 9. Qg4 f6 10. Qe2 Rb8 11. exd5 cxd5 12. Bb5+ Bd7 13. Qxe6+ Kd8 14. Qxd7+ Qxd7 15. Bxd7 Kxd7 16. Nxd5 Re8+ 17. Kd1 Kc6 18. c4 Ne7 19. b4 Bd4 20. b5+ Kb7 21. Rb1 Nxd5 22. cxd5 Rd8 23. Re1 Bc5 24. Re2 Rxd5+ 25. Rd2 Rhd8 26. Rxd5 Rxd5+ 27. Ke2 Kb6 28. Be3 Bxe3 29. Kxe3 Rxb5 30. Rxb5+ Kxb5 31. Kd4 Kb4 32. Kd5 a5 33. Ke6 Ka3 34. Kf7 Kxa2 35. Kxg7 a4 36. Kxf6 a3 37. Kg7 Kb1 38. f5 a2 39. Kxh7 a1Q 40. Kg6 Qa2 41. g4 Qg8+ 42. Kh5 Kc2 43. g5 Kd3 44. g6 Ke4 45. f6 Kf5 0-1

[Event "Sao Bento do Sul U2050 Etapa 3a"]
[Site "Sao Bento do Sul"]
[Date "2017.11.18"]
[Round "3.8"]
[White "Marschal, Maiilon"]
[Black "Salvadego, Erika Giovana De O"]
[Result "1-0"]
[WhiteElo "1493"]
[BlackElo "1302"]
[PlyCount "59"]
[EventDate "2017.11.17"]
[EventType "swiss"]
[EventRounds "6"]
[EventCountry "BRA"]
[SourceTitle "EXT 2022"]
[Source "ChessBase"]
[SourceDate "2021.10.06"]
[SourceVersion "1"]
[SourceVersionDate "2021.10.06"]
[SourceQuality "1"]

1. e4 e6 2. d4 d5 3. Nd2 Nf6 4. e5 Nfd7 5. c4 c5 6. cxd5 exd5 7. Ngf3 cxd4 8. Bb5 Nc6 9. 0-0 a6 10. Bxc6 bxc6 11. Nxd4 Bc5 12. Nxc6 Qc7 13. Na5 Qxa5 14. Nb3 Qb6 15. Bf4 Bb7 16. Qg4 Qg6 17. Qf3 Qe6 18. Qg3 0-0 19. Rac1 Ba7 20. Rc7 Bc6 21. Rc1 Rfc8 22. R1xc6 Qxc6 23. Rxc6 Rxc6 24. h4 Rac8 25. Be3 Bxe3 26. Qxe3 Re6 27. f4 Rce8 28. Nd4 R6e7 29. Qg3 Rb8 30. Nf5 1-0

[Event "Sao Bento do Sul op 06"]
[Site "Sao Bento do Sul"]
[Date "2017.06.09"]
[Round "2"]
[White "Marschal, Maiilon"]
[Black "Silva, Janderson Rossi Da"]
[Result "0-1"]
[WhiteElo "1498"]
[BlackElo "1831"]
[PlyCount "82"]
[EventDate "2017.06.09"]
[EventType "swiss"]
[EventRounds "6"]
[EventCountry "BRA"]
[SourceTitle "EXT 2019"]
[Source "ChessBase"]
[SourceDate "2018.10.10"]
[SourceVersion "1"]
[SourceVersionDate "2018.10.10"]
[SourceQuality "1"]

1. e4 e5 2. Nf3 Nc6 3. d4 exd4 4. Nxd4 Bc5 5. Be3 Qf6 6. c3 Nge7 7. Be2 0-0 8. 0-0 a6 9. Qd2 d6 10. Nxc6 Nxc6 11. Bxc5 dxc5 12. Qe3 Qe7 13. Nd2 Re8 14. Rfe1 Be6 15. f4 f6 16. Nf3 Rad8 17. b3 Bf7 18. Bd3 Rd7 19. Rad1 Red8 20. e5 fxe5 21. fxe5 c4 22. Bxh7+ Kxh7 23. Rxd7 Qxd7 24. e6 Bxe6 25. Ng5+ Kg8 26. Nxe6 Re8 27. bxc4 Nd8 28. Qd4 Qxd4+ 29. cxd4 Rxe6 30. Rxe6 Nxe6 31. d5 Nc5 32. Kf2 Kf7 33. Ke3 Kf6 34. Kd4 b6 35. g3 Kf5 36. d6 cxd6 37. Kd5 Nb7 38. Kc6 Na5+ 39. Kxb6 Nxc4+ 40. Kxa6 d5 41. Kb5 Ke4 0-1

[Event "Sao Bento do Sul U2050 1st"]
[Site "Sao Bento do Sul"]
[Date "2016.05.21"]
[Round "3.24"]
[White "Favero, Bruna Francescato"]
[Black "Marschal, Maiilon"]
[Result "0-1"]
[WhiteElo "1542"]
[BlackElo "1559"]
[PlyCount "82"]
[EventDate "2016.05.20"]
[EventType "swiss"]
[EventRounds "7"]
[EventCountry "BRA"]
[SourceTitle "EXT 2022"]
[Source "ChessBase"]
[SourceDate "2021.10.06"]
[SourceVersion "1"]
[SourceVersionDate "2021.10.06"]
[SourceQuality "1"]

1. e4 c5 2. Nf3 e6 3. d3 Nf6 4. Be2 d5 5. exd5 exd5 6. 0-0 Nc6 7. Bf4 Nh5 8. Bc1 Bd6 9. d4 Nf6 10. Be3 c4 11. Re1 0-0 12. Qc1 Qc7 13. h3 Re8 14. Bg5 Ne4 15. Bf1 Bf5 16. Be3 a5 17. c3 a4 18. Nbd2 Ne7 19. Nxe4 Bxe4 20. Nd2 Bg6 21. Nf3 Nf5 22. Re2 Nxe3 23. Rxe3 Be4 24. Re1 Bxf3 25. gxf3 Bh2+ 26. Kh1 Bf4 27. Qd1 Qc6 28. Bg2 Rxe1+ 29. Qxe1 Re8 30. Qf1 Re6 31. Re1 Re8 32. Rxe8+ Qxe8 33. Qd1 b5 34. Kg1 h6 35. Kf1 Kf8 36. b3 cxb3 37. axb3 a3 38. Qa1 Qa8 39. Ke1 a2 40. Bf1 Qa3 41. Ke2 Qxb3 0-1

[Event "Sao Bento do Sul U2050 1st"]
[Site "Sao Bento do Sul"]
[Date "2016.05.21"]
[Round "5.19"]
[White "Hille, Waltercler"]
[Black "Marschal, Maiilon"]
[Result "1-0"]
[WhiteElo "1963"]
[BlackElo "1559"]
[PlyCount "59"]
[EventDate "2016.05.20"]
[EventType "swiss"]
[EventRounds "7"]
[EventCountry "BRA"]
[SourceTitle "EXT 2022"]
[Source "ChessBase"]
[SourceDate "2021.10.06"]
[SourceVersion "1"]
[SourceVersionDate "2021.10.06"]
[SourceQuality "1"]

1. Nf3 c5 2. g3 b6 3. Bg2 Bb7 4. 0-0 e6 5. b3 d5 6. d4 Nf6 7. Bb2 Nc6 8. e3 Ba6 9. Re1 Bd6 10. Ne5 Bxe5 11. dxe5 Nd7 12. f4 h5 13. c4 Ne7 14. cxd5 Nf5 15. dxe6 fxe6 16. Bxa8 Qxa8 17. e4 Ne7 18. Qd6 Rh6 19. f5 exf5 20. e6 Nf8 21. exf5 Nxf5 22. Qf4 Bd3 23. Bxg7 Rxe6 24. Rxe6+ Nxe6 25. Qe5 Nfxg7 26. Nc3 Qf3 27. Re1 Kf7 28. Ne4 Bxe4 29. Rf1 Nd4 30. Qxe4 1-0